000 00591nam a2200229Ia 4500
003 OSt
005 20220928104813.0
006 a|||||r|||| 00| 0
007 ta
008 220927b |||||||| |||| 00| 0 hin d
024 _a138290
037 _cTextual
040 _aSDCL
_cSDCL
_bhin
041 _2hin
_ahin
082 _aO157,1K45,1, 152K2
100 _aAalapol
_9412192
245 0 _aPadmavati.
260 _aAagara
_bHindi Bhasha Vighyan
_c1962
300 _a307p.
_ccm.
942 _hO157,1K45,1, 152K2
_cTEXL
_2CC
999 _c727915
_d727915